Prophets (Manifestations of God) - Statistics

General Stats
  • This quiz has been taken 362 times
  • The average score is 6 of 11
Answer Stats
When Where Prophet % Correct
4 BCE - 30CE Judea Jesus
95%
570 - 632 CE Arabia Muhammad
94%
480 - 400 BCE Nepal/India Buddha
76%
1391–1271 BCE Middle East Moses
70%
1800 - 1600 BCE Middle East Abraham
64%
4004 - 3074 BCE Earth Adam
54%
Sometime between 1500 and 500 BCE Persia Zoroaster
50%
3078 - 2128 BCE Middle East Noah
41%
1817 - 1892 CE Persia Bahá'u'lláh
17%
3200 - 3100 BCE India Krishna
17%
1819 - 1850 CE Persia Báb
10%
No matching quizzes found
Score Distribution
Percent of People with Each Score
Percentile by Number Answered
Your Score History
You have not taken this quiz